000 01039nam a22002897a 4500
001 2498
005 20240111134432.0
020 _a9780142413067
040 _aTEFMT
_beng
_erda
_cTEFMT
_dGK8
_dTEF
_dOCLCF
_dUOK
_dTOH
_dCPL
_dVP@
_dTJC
_dUAB
_dZYU
_dOCLCO
_dOCLCQ
_dOCLCO
_dDLC
050 0 0 _aPZ7.P75186
082 0 4 _a940
100 _aPolacco, Patricia
245 0 4 _aThe butterfly :
_bFrom the author of PINK AND SAY /
_cPolacco, Particia :
260 _aU.S.A :
_bPenguin Group ,
_c2000
300 _a47 unnumbered pages :
_bcolor illustrations ;
_c29 cm
490 _aFrom the author of Pink And Say
505 _aO
520 _aDuring the Nazi occupation of France, Monique's mother hides a Jewish family in her basement and tries to help them escape to freedom.
521 _a630
_bLexile
521 _aO
_bRaz-Plus
650 0 _zIreland.
650 0 _aFiddle tunes
_zIreland.
655 7 _2lcgft
655 7 _aArrangements (Music)
_2lcgft
906 _a7
_bcbc
_ccopycat
_d2
_encip
_f20
_gy-soundrec
942 _2ddc
_cBK
_n0
999 _c2498
_d2498